| 000 | 00499 a2200193 4500 | ||
|---|---|---|---|
| 005 | 20240627124636.0 | ||
| 010 | _aB-759947 | ||
| 020 |
_a9789357317566 _c499.00 |
||
| 035 | _aB-759947 | ||
| 037 | _bGift | ||
| 082 | _aS | ||
| 100 |
_aRedahan, Eoin _967855 |
||
| 245 |
_aArun and The Royal Rumpus/ _cEoin Redahan |
||
| 260 |
_aIndia _bHachette India _c2024 |
||
| 270 | _aGurugram | ||
| 300 |
_a221 p. _c19 cm(Pb) |
||
| 942 |
_adpl _cCH _2ddc _hS _mRED |
||
| 999 |
_c203787 _d203787 |
||